Geografia e storia nella Grecia antica

Wedi'i Gadw mewn:
Manylion Llyfryddiaeth
Prif Awdur: Prontera, Francesco (Awdur)
Fformat: Llyfr
Iaith:Eidaleg
Cyhoeddwyd: Florencia Leo S. Olschki 2011
Rhifyn:1a. ed
Pynciau:
Tagiau: Ychwanegu Tag
Dim Tagiau, Byddwch y cyntaf i dagio'r cofnod hwn!

MARC

LEADER 00000cam a2200000 a 4500
001 UCD8597
003 CL-VaPUC
008 170519e20110000it |||||||||||||||||ita|d
020 |a 9788822260857 
082 0 4 |a 913  |b PRO  |2 21 
100 0 |a Prontera, Francesco  |e author  |9 592095 
245 1 0 |a Geografia e storia nella Grecia antica 
250 |a 1a. ed 
300 |a 270 p 
942 |c BK 
945 |d 20170519 15:42:00  |a dcastane 
260 |a Florencia  |b Leo S. Olschki  |c 2011 
650 0 |a Geografía antigua  |9 266056 
650 0 |a Geografía histórica   |9 267532 
651 0 |a Grecia  |9 265314 
583 |a last modification  |c 20170519 15:42:00  |k Rodrigo Vera 
999 |c 367956  |d 367954 
952 |0 0  |1 0  |3 erb  |4 0  |6 913_000000000000000_PRO_2011  |7 0  |8 A  |9 483188  |a FDOLAF  |b FDOLAF  |e Laffi, Umberto, 1939-  |i 5391598  |o 913 PRO 2011  |p 5391598  |r 2024-01-30  |w 2019-11-24  |y BK  |z Catalogado en:20170519  |k LAF